|
|
แสดงรายละเอียดบรรณานุกรม |
|
|
Brief Record
: Get Marc (ISO 2709)
: E-mail record
: |
|
|
| LEADER 00000nama 2200000uu 4500 | |||
| 001 197353 | |||
| 003 ULIBM | |||
| 008 040531s|||| th m m a000 0 tha d | |||
| 020 978-974-8377-08-7 | |||
| 041 tha | |||
| 050 WH100 ต367 2550 | |||
| 100 วิชัย ประยูรวิวัฒน์ | |||
| 245 ตำราโลหิตวิทยา : การวินิจฉัยและการรักษาโรคเลือดที่พบบ่อยในประทศไทย / บรรณาธิการ วิชัย ประยูรวิวัฒน์,แสงสุรีย์ จูฑา และถนอมศรี ศรีชัยกูล. | |||
| 250 เรียบเรียงครั้งที่ 3. | |||
| 260 กรุงเทพฯ นำอักษรการพิมพ์. 2550. | |||
| 300 1,048 หน้า. | |||
| 650 1. โลหิตวิทยา. 2. เลือด,โรค--การวินิจฉัย. 3. เลือด,โรค--การรักษา. | |||
| 995 001 | |||
| คุณยังไม่ได้ล็อกอิน คุณสามารถมีกิจกรรมร่วมกับเว็บไซต์ได้ แต่ต้องล็อกอินก่อน :: |
|
| สถานะ | |||||||||
| 1. | หนังสือทั่วไป | WH100 ต367 2550 | On Shelf ขอยืม | ||||||
| 2. | หนังสือทั่วไป | WH100 ต367 2550 ฉ.7 | On Shelf ขอยืม | ||||||
| 3. | หนังสือทั่วไป | WH100 ต367 2550 ฉ.8 | On Shelf ขอยืม | ||||||
| 4. | หนังสือทั่วไป สถานะ=หนังสือเก่า - บริการ ณ ห้องสมุด (ห้องเหลือง) | WH100 ต367 2550 ฉ.15 | On Shelf ขอยืม | ||||||
| 5. | หนังสือทั่วไป สถานะ=หนังสือเก่า - บริการ ณ ห้องสมุด (ห้องเหลือง) | WH100 ต367 2550 ฉ.16 | On Shelf ขอยืม | ||||||
| 6. | หนังสือทั่วไป สถานะ=หนังสือเก่า - บริการ ณ ห้องสมุด (ห้องเหลือง) | WH100 ต367 2550 ฉ.18 | On Shelf ขอยืม | ||||||
| [แสดง 6/6 รายการ] | |||||||||
BibComment |
| คอมเมนท์ทรัพยากรรายการนี้ |
|
|